| 000 | 00441nam a2200157 i 4500 | ||
|---|---|---|---|
| 001 | 21253 | ||
| 003 | ES-MaACL | ||
| 005 | 20230906152438.0 | ||
| 007 | t| | ||
| 008 | 021122s1947 cu ||||1| spa d | ||
| 100 | 1 |
_aAdam y Silva, Ricardo. _918369 |
|
| 245 | 1 | 0 |
_aCuba _b: raices del desastre / _cRicardo Adam y Silva. |
| 260 |
_a[La Habana : _bLex Exportador, _c1947] |
||
| 300 |
_a255 p. ; _c22 cm. |
||
| 852 |
_aES-MaACL _jC-44216 _bR.82014 |
||
| 999 |
_c21253 _d21253 |
||